Normal view
MARC view
Entry Topical Term
001 - CONTROL NUMBER
- control field: 14912
003 - CONTROL NUMBER IDENTIFIER
- control field: BD-RjUL
005 - DATE AND TIME OF LATEST TRANSACTION
- control field: 20250208104422.0
008 - FIXED-LENGTH DATA ELEMENTS
- fixed length control field: 250208|| aca||aabn | a|a d
040 ## - CATALOGING SOURCE
- Original cataloging agency: BD-RjUL
- Transcribing agency: BD-RjUL
150 ## - HEADING--TOPICAL TERM
- Topical term or geographic name entry element: neighbors
- Geographic subdivision: Asia
670 ## - SOURCE DATA FOUND
- Source citation: Work cat.: (BD-RjUL)84647: ہمارے ایشیائی ہمسائے ;;hamare asiai hamasaye /, 1950